| 000 | 00928 a2200169 4500 | ||
|---|---|---|---|
| 003 | Nust | ||
| 005 | 20220722092138.0 | ||
| 040 | _cNust | ||
| 082 | _a004,SHA | ||
| 100 |
_aSharp, John R. _994494 |
||
| 245 |
_aInformation retrieval _bnotes for students / _cJohn R. Sharp |
||
| 260 |
_bAndre Deutsch _aLondon _c1970 |
||
| 300 | _a90 p. | ||
| 505 | _aClassification (Page-13), Conventional Catalogues and their Deficiencies (Page-22), Combinations Permutations and Coordinate Indexing (Page-31), Indexing Language The Thesaurus (Page-40), Indexing Languages Ancillary (Page-51), Mechanization System Parameters And Performance (Page-57), Mechanized Index Production (Page-63), Automatic Indexing Automatic Abstracting and Automatic Classification (Page-70), Selective Dissemination of Information Citation Indexing (Page-75), References (Page-79, Index (Page-87). | ||
| 650 |
_aInformation _994495 |
||
| 942 |
_2ddc _cBK _k004,SHA |
||
| 999 |
_c176552 _d176552 |
||